000 01319nam a2200337 a 4500
001 40459
003 Mx-PuUPA
005 20241120133950.0
008 140415s1996 000 0 spa d
020 _a9781789345155
040 _aMx-PuUPA
_cMx-PuUPA
_bspa
_dMx-PuUPA
_erda
041 0 _aeng
100 1 _aDodds, David,
_eautor
_913092
245 1 0 _aHands-On motion graphics with Adobe After Effects CC /
_cDavid Dodds
250 _aFirst edition
264 1 _aBirmingham, UK :
_bPackt Publishing,
_c2019
300 _a x, 300 páginas :
_bilustraciones ;
_c23 cm
336 _2rdacontent
_atexto
_btxt
336 _2rdacontent
_aimagen fija
_bsti
337 _2rdamedia
_asin medio
_bn
338 _2rdacarrier
_avolumen
_bnc
650 7 _2armarc
_aComputadoras
_xAplicaciones de escritorio
_xDiseño y gráficos
650 7 _2armarc
_aComputadoras
_xMedios digitales
_xVideo y animación
650 7 _2armarc
_aAdobe After Effects (Programa para computadora)
650 7 _2armarc
_aComputadoras
_xInterfaces de usuario
942 _cLI
_2ddc
_h006.696
_iD638
999 _c40459
_d40459